[Event "POL-chT blind"]
[Site "Wagrowiec"]
[Date "2017.10.20"]
[Round "7.6"]
[White "Cebula, Jozef"]
[Black "Zarow, Zdzislaw"]
[Result "0-1"]
[WhiteElo "1722"]
[BlackElo "1640"]
[PlyCount "60"]
[EventDate "2017.10.14"]
[EventType "team-tourn"]
[EventRounds "9"]
[EventCountry "POL"]
[SourceTitle "EXT 2019"]
[Source "ChessBase"]
[SourceDate "2018.10.10"]
[SourceVersion "1"]
[SourceVersionDate "2018.10.10"]
[SourceQuality "1"]

1. e4 e5 2. Nf3 d5 3. exd5 Qxd5 4. Nc3 Qa5 5. Qe2 Bd6 6. Nb5 Nc6 7. Nxd6+ cxd6 8. c3 Nge7 9. Qb5 Qc7 10. Be2 Bd7 11. Qb3 Be6 12. Qc2 h6 13. h3 Rc8 14. a3 0-0 15. 0-0 d5 16. d3 Nf5 17. Qd2 Rfd8 18. g4 Nfe7 19. Qe3 Ng6 20. Nh2 Nf4 21. Bd1 d4 22. cxd4 Rxd4 23. Bc2 Ne7 24. Re1 Qxc2 25. Rf1 Rxd3 26. Qxe5 Nxh3+ 27. Kg2 Bd5+ 28. Nf3 Rxf3 29. Kh2 Rxf2+ 30. Kxh3 Rxf1 0-1

[Event "POL-chT blind"]
[Site "Wagrowiec"]
[Date "2017.10.19"]
[Round "6.14"]
[White "Zarow, Zdzislaw"]
[Black "Mackowiak, Marek"]
[Result "1/2-1/2"]
[WhiteElo "1640"]
[BlackElo "2068"]
[PlyCount "65"]
[EventDate "2017.10.14"]
[EventType "team-tourn"]
[EventRounds "9"]
[EventCountry "POL"]
[SourceTitle "EXT 2019"]
[Source "ChessBase"]
[SourceDate "2018.10.10"]
[SourceVersion "1"]
[SourceVersionDate "2018.10.10"]
[SourceQuality "1"]

1. e4 c6 2. c4 d5 3. Nc3 d4 4. Nce2 e5 5. Ng3 Ne7 6. d3 Ng6 7. Be2 Nf4 8. Bf1 b5 9. cxb5 cxb5 10. Bd2 Bd6 11. Nh5 Ne6 12. Nf3 g6 13. Ng3 Nf4 14. Qc1 Bg4 15. Nxe5 Bxe5 16. Bxf4 Bg7 17. Be2 Bxe2 18. Kxe2 0-0 19. Bh6 Nd7 20. Bxg7 Kxg7 21. Qd2 Rc8 22. Rac1 Nb6 23. Qf4 Qd7 24. Rhd1 Na4 25. Rxc8 Rxc8 26. Rd2 Rc1 27. Qg5 h6 28. Nh5+ Kh7 29. Nf6+ Kg7 30. Qe5 Qe6 31. Nh5+ Kf8 32. Qxe6 fxe6 33. Nf4 1/2-1/2

[Event "IBCA EU-chT blind 01st"]
[Site "Warsaw"]
[Date "2016.07.29"]
[Round "6.3"]
[White "Began, Branko"]
[Black "Zarow, Zdzislaw"]
[Result "1-0"]
[WhiteElo "1836"]
[BlackElo "1849"]
[PlyCount "91"]
[EventDate "2016.07.24"]
[EventType "team-swiss"]
[EventRounds "9"]
[EventCountry "POL"]
[SourceTitle "CBM 173 Extra"]
[Source "ChessBase"]
[SourceDate "2016.08.29"]
[SourceVersion "1"]
[SourceVersionDate "2016.08.29"]
[SourceQuality "1"]
[WhiteTeam "Croatia"]
[BlackTeam "Poland II"]
[WhiteTeamCountry "CRO"]
[BlackTeamCountry "POL"]

1. d4 Nf6 2. Nf3 d5 3. c4 c6 4. Nc3 e6 5. e3 Bd6 6. Bd3 Nbd7 7. 0-0 Bb8 8. e4 dxe4 9. Nxe4 Nxe4 10. Bxe4 Nf6 11. Bd3 h6 12. b3 Qa5 13. Bb2 Qh5 14. Ne5 Qxd1 15. Rfxd1 0-0 16. Ba3 Re8 17. Re1 Nd7 18. Rad1 Nxe5 19. dxe5 Bc7 20. Bc2 a5 21. Bd6 Bd8 22. a3 b6 23. Be4 Bb7 24. Rd3 Rc8 25. Red1 Ba6 26. Rc3 Bb7 27. b4 Ba8 28. b5 c5 29. Bc2 g6 30. f4 Kg7 31. g4 Bb7 32. f5 Bg5 33. f6+ Kh7 34. Kf2 Bh4+ 35. Ke3 Bg5+ 36. Kf2 Bh4+ 37. Kg1 Bg5 38. Be7 Rb8 39. Rd7 Bf4 40. Bd6 Kg8 41. Bxg6 fxg6 42. f7+ Kh8 43. fxe8Q+ Rxe8 44. Rxb7 Rd8 45. Rb8 Rxb8 46. Bxb8 1-0

[Event "POL-ch blind"]
[Site "Wagrowiec"]
[Date "2016.06.03"]
[Round "8"]
[White "Barnowski, Sylwester"]
[Black "Zarow, Zdzislaw"]
[Result "0-1"]
[WhiteElo "1904"]
[BlackElo "1862"]
[PlyCount "115"]
[EventDate "2016.05.28"]
[EventType "tourn"]
[EventRounds "11"]
[EventCountry "POL"]
[SourceTitle "EXT 2018"]
[Source "ChessBase"]
[SourceDate "2017.10.13"]
[SourceVersion "1"]
[SourceVersionDate "2017.10.13"]
[SourceQuality "1"]

1. d4 Nf6 2. f4 d5 3. Nf3 Bg4 4. e3 Ne4 5. Bd3 e6 6. Nbd2 Bb4 7. c3 Nxd2 8. Bxd2 Be7 9. 0-0 0-0 10. Qc2 h6 11. Ne5 Bh5 12. g4 f6 13. gxh5 fxe5 14. dxe5 Nc6 15. Kh1 Bc5 16. Rg1 Ne7 17. Rg4 Nf5 18. Rag1 Rf7 19. Bxf5 exf5 20. Rg6 Bf8 21. Rxh6 a5 22. Rhg6 Ra6 23. Rxa6 bxa6 24. Qd1 d4 25. exd4 Qd5+ 26. Rg2 c5 27. Be3 Qe4 28. Qg1 Rb7 29. Bc1 Rc7 30. Qe3 cxd4 31. Qxd4 Qxd4 32. cxd4 Rxc1+ 33. Rg1 Rxg1+ 34. Kxg1 Kf7 35. d5 Bc5+ 36. Kg2 Be3 37. Kf3 Bc1 38. b3 Bd2 39. h3 Ke7 40. Kg3 Kd7 41. Kf3 Kc7 42. Kg3 Kb6 43. a3 Bc1 44. a4 Kc5 45. e6 Kd6 46. Kf3 Ba3 47. e7 Kxe7 48. Ke3 Kd6 49. Kd4 Bb4 50. Kc4 Bd2 51. h4 Be1 52. h6 gxh6 53. h5 Bd2 54. Kd3 Bxf4 55. Kc3 Be5+ 56. Kc4 f4 57. b4 axb4 58. Kxb4 0-1

[Event "Bydgoszcz blind op 43rd"]
[Site "Bydgoszcz"]
[Date "2014.03.20"]
[Round "8.12"]
[White "Mettel, Werner"]
[Black "Zarow, Zdzislaw"]
[Result "1/2-1/2"]
[WhiteElo "1826"]
[BlackElo "1893"]
[PlyCount "71"]
[EventDate "2014.03.13"]
[EventType "swiss"]
[EventRounds "11"]
[EventCountry "POL"]
[SourceTitle "EXT 2023"]
[Source "ChessBase"]
[SourceDate "2022.10.05"]
[SourceVersion "1"]
[SourceVersionDate "2022.10.05"]
[SourceQuality "1"]

1. e4 e5 2. Nf3 Nf6 3. Nc3 d6 4. h3 Be7 5. Bc4 c6 6. d3 b5 7. Bb3 a5 8. a4 b4 9. Ne2 Nbd7 10. Be3 d5 11. exd5 cxd5 12. 0-0 Bb7 13. Ng3 0-0 14. Nf5 Ra6 15. Nxe7+ Qxe7 16. Re1 Rc8 17. Rc1 Qd6 18. Ng5 g6 19. Nf3 Nh5 20. Qe2 Ng7 21. Bg5 Re8 22. Qd1 Raa8 23. Re2 f6 24. Bd2 Kh8 25. Re1 Nc5 26. d4 Nxb3 27. dxe5 fxe5 28. cxb3 d4 29. Ng5 Rf8 30. Ne4 Bxe4 31. Rxe4 Qd5 32. f3 Nf5 33. Kh2 Rac8 34. Bg5 h6 35. Rxc8 Rxc8 36. Bf6+ 1/2-1/2

[Event "Krynica-ch sf blind"]
[Site "Krynica"]
[Date "2013.03.14"]
[Round "2.9"]
[White "Cebula, Jozef"]
[Black "Zarow, Zdzislaw"]
[Result "0-1"]
[WhiteElo "1872"]
[BlackElo "1890"]
[PlyCount "46"]
[EventDate "2013.03.14"]
[EventType "swiss"]
[EventRounds "9"]
[EventCountry "POL"]
[SourceTitle "EXT 2023"]
[Source "ChessBase"]
[SourceDate "2022.10.05"]
[SourceVersion "1"]
[SourceVersionDate "2022.10.05"]
[SourceQuality "1"]

1. e4 e5 2. Nf3 Nf6 3. Nc3 Nc6 4. Bc4 d6 5. 0-0 Be7 6. d4 0-0 7. a3 Bg4 8. dxe5 Nxe5 9. Be2 Bxf3 10. Bxf3 Qd7 11. Qe2 c6 12. h3 Ne8 13. Bf4 Nxf3+ 14. Qxf3 f5 15. Qg3 Rd8 16. Rad1 Rf6 17. e5 Rg6 18. Qe3 d5 19. Qxa7 Re6 20. b4 Qc8 21. Ne2 c5 22. c3 Ra6 23. Qxa6 bxa6 0-1

[Event "Krynica-ch sf blind"]
[Site "Krynica"]
[Date "2013.03.14"]
[Round "1.3"]
[White "Zarow, Zdzislaw"]
[Black "Kulpinski, Piotr"]
[Result "0-1"]
[WhiteElo "1890"]
[BlackElo "1998"]
[PlyCount "74"]
[EventDate "2013.03.14"]
[EventType "swiss"]
[EventRounds "9"]
[EventCountry "POL"]
[SourceTitle "EXT 2023"]
[Source "ChessBase"]
[SourceDate "2022.10.05"]
[SourceVersion "1"]
[SourceVersionDate "2022.10.05"]
[SourceQuality "1"]

1. e4 c6 2. c4 g6 3. Nc3 Bg7 4. d4 d6 5. Nf3 Nd7 6. Be2 e5 7. d5 Qc7 8. 0-0 a5 9. Be3 Ngf6 10. h3 0-0 11. Rc1 Ne8 12. Qd2 f5 13. Bh6 Ndf6 14. Bxg7 Qxg7 15. exf5 gxf5 16. Nh2 c5 17. f4 e4 18. Nd1 b6 19. Rc3 Ra7 20. Qe1 Qh6 21. Rg3+ Rg7 22. Ne3 Rff7 23. Kh1 Nh5 24. Bxh5 Qxh5 25. Rxg7+ Rxg7 26. Rg1 Nf6 27. Qf1 Qh4 28. g3 Rxg3 29. Rxg3+ Qxg3 30. Qg2 Qxg2+ 31. Kxg2 Nh5 32. Nhf1 Nxf4+ 33. Kg3 Nd3 34. Nd1 f4+ 35. Kg2 e3 36. Nc3 Nxb2 37. Kf3 Nxc4 0-1

[Event "Krynica Cross-ch sf"]
[Site "Krynica"]
[Date "2012.03.??"]
[Round "1"]
[White "Pawelec, Bartosz"]
[Black "Zarow, Zdzislaw"]
[Result "0-1"]
[WhiteElo "2036"]
[BlackElo "1898"]
[PlyCount "65"]
[EventDate "2012.03.??"]
[EventType "swiss"]
[EventRounds "9"]
[EventCountry "POL"]
[SourceTitle "EXT 2014"]
[Source "ChessBase"]
[SourceDate "2013.11.20"]
[SourceVersion "1"]
[SourceVersionDate "2013.11.20"]
[SourceQuality "1"]

1. e4 d6 2. d4 Nf6 3. Nc3 g6 4. Bg5 Bg7 5. e5 dxe5 6. dxe5 Qxd1+ 7. Rxd1 Ng8 8. f4 c6 9. Nf3 Bg4 10. Be2 Nd7 11. h3 Bxf3 12. Bxf3 h6 13. Bh4 g5 14. e6 fxe6 15. fxg5 hxg5 16. Bxg5 Ngf6 17. 0-0 0-0-0 18. Rfe1 e5 19. b4 Bh6 20. Be3 Bxe3+ 21. Rxe3 Rdg8 22. Be2 Rg5 23. Kf2 Rhg8 24. g4 Nb6 25. Bf3 Rh8 26. Kg3 Nc4 27. Re2 Nd6 28. Ne4 Nf5+ 29. Kf2 Nxe4+ 30. Bxe4 Nd4 31. Re3 Kc7 32. Rc3 Rf8+ 33. Ke3 0-1

[Event "Krynica Cross-ch sf"]
[Site "Krynica"]
[Date "2012.03.??"]
[Round "3"]
[White "Zarow, Zdzislaw"]
[Black "Falkowski, Dawid"]
[Result "1/2-1/2"]
[WhiteElo "1898"]
[BlackElo "2005"]
[PlyCount "76"]
[EventDate "2012.03.??"]
[EventType "swiss"]
[EventRounds "9"]
[EventCountry "POL"]
[SourceTitle "EXT 2014"]
[Source "ChessBase"]
[SourceDate "2013.11.20"]
[SourceVersion "1"]
[SourceVersionDate "2013.11.20"]
[SourceQuality "1"]

1. e4 e5 2. Bc4 Nf6 3. Nc3 Nc6 4. d3 Bc5 5. Bg5 h6 6. Bh4 g5 7. Bg3 d6 8. h3 Be6 9. Bxe6 fxe6 10. Na4 Bb6 11. c3 Qe7 12. Nf3 Qf7 13. Nxb6 axb6 14. 0-0 Nh5 15. d4 0-0-0 16. dxe5 d5 17. exd5 Rxd5 18. Qa4 Kb8 19. Rad1 Rhd8 20. Rxd5 Rxd5 21. Qe4 Qf5 22. Re1 Kc8 23. Nd4 Nxg3 24. fxg3 Qxe4 25. Rxe4 Rxe5 26. Rxe5 Nxe5 27. Nxe6 Nd3 28. Nd4 Nxb2 29. Nf5 Kd7 30. Nxh6 Nd1 31. Nf7 Nxc3 32. Nxg5 Nxa2 33. h4 b5 34. h5 Ke7 35. Ne4 b4 36. g4 Nc3 37. Nd2 c5 38. Kf2 Kf6 1/2-1/2

[Event "Krynica Cross-ch sf"]
[Site "Krynica"]
[Date "2012.03.??"]
[Round "2"]
[White "Zarow, Zdzislaw"]
[Black "Wojcieszyn, Zdzislaw"]
[Result "1-0"]
[WhiteElo "1898"]
[BlackElo "1967"]
[PlyCount "59"]
[EventDate "2012.03.??"]
[EventType "swiss"]
[EventRounds "9"]
[EventCountry "POL"]
[SourceTitle "EXT 2014"]
[Source "ChessBase"]
[SourceDate "2013.11.20"]
[SourceVersion "1"]
[SourceVersionDate "2013.11.20"]
[SourceQuality "1"]

1. e4 c5 2. Bc4 Nc6 3. Nf3 e6 4. Nc3 Nf6 5. Qe2 d6 6. d3 a6 7. a4 Be7 8. Bg5 Qc7 9. 0-0 0-0 10. Rfe1 Nd4 11. Nxd4 cxd4 12. Nd1 Bd7 13. Bxf6 Bxf6 14. f4 b5 15. Bb3 Qa5 16. Nf2 bxa4 17. e5 dxe5 18. fxe5 Bg5 19. Kh1 Qb4 20. Bc4 Qxb2 21. Reb1 Qxa1 22. Rxa1 Rfb8 23. Qg4 Be3 24. Ne4 Kh8 25. Nd6 Kg8 26. Rf1 Be8 27. Bxe6 Ra7 28. Bd5 Re7 29. Nf5 Rxe5 30. Qxg7# 1-0

[Event "POL-ch blind"]
[Site "Jastrzebia Gora"]
[Date "2011.05.31"]
[Round "4.2"]
[White "Gosek, Zenon"]
[Black "Zarow, Zdzislaw"]
[Result "0-1"]
[WhiteElo "2060"]
[BlackElo "1959"]
[PlyCount "142"]
[EventDate "2011.05.31"]
[EventType "tourn"]
[EventRounds "11"]
[EventCountry "POL"]
[SourceTitle "EXT 2023"]
[Source "ChessBase"]
[SourceDate "2022.10.05"]
[SourceVersion "1"]
[SourceVersionDate "2022.10.05"]
[SourceQuality "1"]

1. d4 d5 2. Nf3 Nf6 3. g3 Bg4 4. Bg2 Qc8 5. h3 Bxf3 6. Bxf3 Nbd7 7. Bg2 e6 8. Nd2 c5 9. c3 Bd6 10. 0-0 cxd4 11. cxd4 0-0 12. b3 a5 13. Bb2 Ra6 14. Qb1 Bb4 15. Qd3 Rd8 16. Rac1 Qb8 17. a3 Bxd2 18. Qxd2 Rc8 19. Rxc8+ Qxc8 20. Rc1 Qd8 21. Bc3 Rc6 22. Bb2 Rxc1+ 23. Qxc1 h6 24. Qc2 b6 25. Kh2 Qb8 26. Qc6 h5 27. h4 Ng4+ 28. Kg1 Ndf6 29. a4 Ne8 30. Bc1 Qd8 31. Bg5 Qb8 32. e4 dxe4 33. Bxe4 Ngf6 34. Bf3 Qd8 35. Qc3 Qd7 36. Bc6 Qc8 37. Qf3 Ng4 38. Bf4 Nef6 39. Bg5 Qc7 40. Bf4 Qd8 41. Qc3 Qc8 42. Qc4 Qd8 43. Kg2 Qe7 44. Qb5 Qd8 45. Qc4 Qe7 46. f3 Nh6 47. Be4 Nxe4 48. fxe4 Ng4 49. Qc8+ Kh7 50. Qc2 e5 51. dxe5 Nxe5 52. Be3 Qe6 53. Bd4 Ng4 54. e5+ g6 55. Qc4 Qf5 56. e6 Qe4+ 57. Kg1 Qe1+ 58. Qf1 Qxg3+ 59. Qg2 Qe1+ 60. Qf1 Qxe6 61. Qg2 Qxb3 62. Qf1 Qg3+ 63. Qg2 Qxh4 64. Bxb6 Qg5 65. Kh1 h4 66. Bxa5 Qc1+ 67. Qg1 Qc6+ 68. Qg2 Qxa4 69. Bb6 Qd1+ 70. Bg1 Ne3 71. Kh2 Nxg2 0-1

[Event "POL-ch blind"]
[Site "Jastrzebia Gora"]
[Date "2011.05.31"]
[Round "8.4"]
[White "Mackowiak, Marek"]
[Black "Zarow, Zdzislaw"]
[Result "1-0"]
[WhiteElo "2215"]
[BlackElo "1959"]
[PlyCount "85"]
[EventDate "2011.05.31"]
[EventType "tourn"]
[EventRounds "11"]
[EventCountry "POL"]
[SourceTitle "EXT 2023"]
[Source "ChessBase"]
[SourceDate "2022.10.05"]
[SourceVersion "1"]
[SourceVersionDate "2022.10.05"]
[SourceQuality "1"]

1. d4 Nf6 2. Nf3 e6 3. g3 d5 4. Bg2 Nbd7 5. 0-0 Be7 6. c4 c6 7. Nbd2 0-0 8. Qc2 b6 9. b3 Bb7 10. Bb2 a5 11. Ne5 Rc8 12. e4 Nxe5 13. dxe5 Nd7 14. Rfd1 b5 15. cxb5 cxb5 16. Qd3 Nc5 17. Qe3 Na6 18. exd5 Bc5 19. Qe2 exd5 20. Qxb5 Nb4 21. Qe2 Ba6 22. Qg4 Qb6 23. e6 f6 24. e7 Bxe7 25. Bd4 Bc5 26. Nf3 Nd3 27. Rd2 Rce8 28. Bxc5 Qxc5 29. Qd4 Qxd4 30. Nxd4 Ne5 31. Bxd5+ Kh8 32. f4 Rd8 33. Ne6 Nf3+ 34. Bxf3 Rxd2 35. Nxf8 Bc8 36. Re1 Kg8 37. Ne6 Rxa2 38. Bd5 Bxe6 39. Bxe6+ Kf8 40. Bd7 Rd2 41. Ba4 Kf7 42. Rc1 f5 43. Rc5 1-0

[Event "POL-ch blind"]
[Site "Jastrzebia Gora"]
[Date "2011.05.31"]
[Round "10.5"]
[White "Pawelec, Bartosz"]
[Black "Zarow, Zdzislaw"]
[Result "1-0"]
[WhiteElo "2045"]
[BlackElo "1959"]
[PlyCount "125"]
[EventDate "2011.05.31"]
[EventType "tourn"]
[EventRounds "11"]
[EventCountry "POL"]
[SourceTitle "EXT 2023"]
[Source "ChessBase"]
[SourceDate "2022.10.05"]
[SourceVersion "1"]
[SourceVersionDate "2022.10.05"]
[SourceQuality "1"]

1. e4 e6 2. d4 d5 3. Nd2 b6 4. Ngf3 Bb7 5. Bd3 c5 6. c3 a6 7. 0-0 Nd7 8. Re1 Ngf6 9. e5 Ng4 10. Nf1 h5 11. Ng5 Qe7 12. h3 Nh6 13. Qxh5 0-0-0 14. a4 c4 15. Bc2 g6 16. Qe2 Nf5 17. b3 Bh6 18. Nf3 Bxc1 19. Rexc1 cxb3 20. Bxb3 Kb8 21. Bc2 Rc8 22. Bd3 Ka7 23. Qb2 g5 24. Qb4 Qd8 25. Bxf5 exf5 26. Qb1 g4 27. hxg4 fxg4 28. N3h2 Qg5 29. Qd3 f5 30. Qg3 Rh4 31. Nf3 Rch8 32. Qxh4 Qg7 33. Qg5 Qh7 34. N3h2 Rg8 35. Qe3 Nf8 36. f4 Ne6 37. g3 Qh3 38. Ra2 a5 39. Qf2 Ba6 40. Qg2 Qh6 41. Qf2 Rh8 42. Ne3 Qf8 43. Rb2 Nc7 44. Qc2 Bc8 45. Rcb1 Rh6 46. Rb3 Bd7 47. Qb2 Qb8 48. Ra3 Qe8 49. Rb3 Qg6 50. Qg2 Qf7 51. Ra3 Rh3 52. Raa1 Rh6 53. Kf2 Rc6 54. Rb3 Rh6 55. Rba3 Qh7 56. Rh1 Qe7 57. Ra2 Qe8 58. Nhf1 Rc6 59. Nd1 Rc4 60. Rh7 Ka6 61. Nfe3 Rc6 62. Nxd5 Nxd5 63. Qxd5 1-0

[Event "POL-chT blind Gp-A"]
[Site "Mielno"]
[Date "2011.04.01"]
[Round "8.12"]
[White "Lipski, Tadeusz"]
[Black "Zarow, Zdzislaw"]
[Result "1/2-1/2"]
[WhiteElo "2040"]
[BlackElo "1955"]
[PlyCount "110"]
[EventDate "2011.03.27"]
[EventType "team-tourn"]
[EventRounds "10"]
[EventCountry "POL"]
[SourceTitle "EXT 2019"]
[Source "ChessBase"]
[SourceDate "2018.10.10"]
[SourceVersion "1"]
[SourceVersionDate "2018.10.10"]
[SourceQuality "1"]

1. d4 d5 2. Nc3 Nf6 3. Bg5 h6 4. Bh4 Bf5 5. e3 c6 6. Bd3 Bxd3 7. Qxd3 Nbd7 8. Nf3 e6 9. e4 dxe4 10. Nxe4 Qa5+ 11. c3 Nxe4 12. Qxe4 Qb5 13. Qe2 Qf5 14. 0-0-0 Bd6 15. Bg3 Bf4+ 16. Bxf4 Qxf4+ 17. Qe3 Qxe3+ 18. fxe3 Nf6 19. Nd2 Ng4 20. Ne4 f5 21. h3 Nxe3 22. Rd3 Nc4 23. Nc5 Kf7 24. b3 Nd6 25. Re3 Rhe8 26. Rhe1 Re7 27. Rxe6 Rae8 28. Rxe7+ Rxe7 29. Rxe7+ Kxe7 30. Kc2 b6 31. Nd3 Nf7 32. Kd2 g5 33. Ke3 Ke6 34. c4 f4+ 35. Kf3 Kf5 36. Nf2 h5 37. g4+ fxg3 38. Kxg3 Nd8 39. Kf3 Ne6 40. d5 cxd5 41. cxd5 Nf4 42. d6 Ke6 43. h4 Ng6 44. hxg5 Kxd6 45. Ke4 Ke6 46. Nh3 h4 47. Nf4+ Nxf4 48. Kxf4 h3 49. Kg3 Kf5 50. Kxh3 Kxg5 51. Kg3 Kf5 52. Kf3 Ke5 53. Ke3 Kd5 54. Kd3 Kc5 55. Kc3 b5 1/2-1/2

[Event "POL-chT blind Gp-A"]
[Site "Mielno"]
[Date "2011.03.28"]
[Round "3.12"]
[White "Zarow, Zdzislaw"]
[Black "Lipski, Tadeusz"]
[Result "0-1"]
[WhiteElo "1955"]
[BlackElo "2040"]
[PlyCount "104"]
[EventDate "2011.03.27"]
[EventType "team-tourn"]
[EventRounds "10"]
[EventCountry "POL"]
[SourceTitle "EXT 2019"]
[Source "ChessBase"]
[SourceDate "2018.10.10"]
[SourceVersion "1"]
[SourceVersionDate "2018.10.10"]
[SourceQuality "1"]

1. d4 d5 2. c4 Nc6 3. Nf3 Bg4 4. Nc3 Nf6 5. cxd5 Nxd5 6. e3 e5 7. Be2 Nxc3 8. bxc3 e4 9. Nd2 Bxe2 10. Qxe2 f5 11. Rb1 b6 12. Qc4 Qd7 13. Rb5 0-0-0 14. 0-0 Bd6 15. Qa4 Nb8 16. Nc4 a6 17. Nxd6+ cxd6 18. Qc4+ Kb7 19. Qd5+ Ka7 20. Rb3 Rhf8 21. Ba3 Qf7 22. Qxf7+ Rxf7 23. Rfb1 b5 24. Bc1 Nc6 25. Ra3 Rb7 26. Bd2 d5 27. Kf1 Kb6 28. Ke2 Na5 29. Ra4 Nc4 30. Bc1 a5 31. Rxc4 dxc4 32. a4 Kc6 33. axb5+ Rxb5 34. Ra1 Kb6 35. Ra4 Rc8 36. Ba3 Rb3 37. Bc5+ Kb5 38. Ra2 Rxc3 39. Kd2 Rb3 40. Kc2 a4 41. h4 g6 42. Be7 Rc7 43. Bf8 Rd7 44. g3 Ra7 45. Ba3 Rd3 46. Rb2+ Kc6 47. Ra2 Rb7 48. Bc5 a3 49. Rxa3 Rxa3 50. Bxa3 Rb3 51. Be7 Rd3 52. Bb4 Kb5 0-1

[Event "POL-ch sf blind"]
[Site "Zawoja Osrodek"]
[Date "2011.??.??"]
[Round "6"]
[White "Staruch, Roman"]
[Black "Zarow, Zdzislaw"]
[Result "0-1"]
[WhiteElo "1950"]
[BlackElo "1959"]
[PlyCount "66"]
[EventDate "2011.??.??"]
[EventType "swiss"]
[EventRounds "9"]
[EventCountry "POL"]
[SourceTitle "EXT 2013"]
[Source "ChessBase"]
[SourceDate "2012.11.22"]
[SourceVersion "1"]
[SourceVersionDate "2012.11.22"]
[SourceQuality "1"]

1. e4 c5 2. Nf3 Nc6 3. c3 g6 4. d4 cxd4 5. cxd4 Bg7 6. Nc3 d6 7. Bb5 a6 8. Bxc6+ bxc6 9. 0-0 Nf6 10. Bg5 0-0 11. Qd2 Re8 12. Rac1 Rb8 13. b3 Bg4 14. Qf4 Qd7 15. h3 Bxf3 16. Qxf3 Nh5 17. g4 Nf6 18. e5 dxe5 19. dxe5 Nd5 20. Rfd1 e6 21. Bf6 Bf8 22. h4 Qa7 23. Ne4 Rb4 24. Rxc6 Reb8 25. Rdc1 Qd4 26. R6c4 Rxc4 27. bxc4 Rc8 28. Qe2 Nf4 29. Qe3 Qxe3 30. fxe3 Ne2+ 31. Kf2 Nxc1 32. Nd6 Rb8 33. Kf3 Nxa2 0-1

[Event "POL-ch sf blind"]
[Site "Zawoja Osrodek"]
[Date "2011.??.??"]
[Round "5"]
[White "Zarow, Zdzislaw"]
[Black "Bzowski, Grzegorz"]
[Result "1-0"]
[WhiteElo "1959"]
[BlackElo "1703"]
[PlyCount "53"]
[EventDate "2011.??.??"]
[EventType "swiss"]
[EventRounds "9"]
[EventCountry "POL"]
[SourceTitle "EXT 2013"]
[Source "ChessBase"]
[SourceDate "2012.11.22"]
[SourceVersion "1"]
[SourceVersionDate "2012.11.22"]
[SourceQuality "1"]

1. e4 c5 2. c3 e5 3. Nf3 Nc6 4. Bc4 d6 5. d4 Bg4 6. Qb3 Qc7 7. Ng5 Bh5 8. Na3 a6 9. f4 exd4 10. g4 h6 11. Ne6 fxe6 12. gxh5 Na5 13. Qa4+ b5 14. Bxb5+ axb5 15. Nxb5 Qc6 16. Nc7+ Kd7 17. Nxa8 Qxa4 18. Nb6+ Kc7 19. Nxa4 dxc3 20. Nxc3 Nf6 21. Rg1 Nc6 22. Be3 Nb4 23. 0-0-0 Nxh5 24. Rg6 e5 25. fxe5 dxe5 26. Nb5+ Kc8 27. a3 1-0